[Event "BCF-chT4S 1819 (4NCL)"]
[Site "England"]
[Date "2019.02.09"]
[Round "5.164"]
[White "Morrell, Sean"]
[Black "Dhemrait, Surjit S"]
[Result "0-1"]
[WhiteElo "1487"]
[BlackElo "1550"]
[PlyCount "116"]
[EventDate "2018.11.17"]
[EventType "team-swiss"]
[EventRounds "11"]
[EventCountry "ENG"]
[SourceTitle "EXT 2021"]
[Source "ChessBase"]
[SourceDate "2020.10.23"]
[SourceVersion "1"]
[SourceVersionDate "2020.10.23"]
[SourceQuality "1"]
[WhiteTeam "Watford II"]
[BlackTeam "Cambridge University III"]
[WhiteTeamCountry "ENG"]
[BlackTeamCountry "ENG"]

1. e4 e5 2. Nf3 Nc6 3. Bc4 Bc5 4. c3 Nf6 5. d4 exd4 6. cxd4 Bb4+ 7. Bd2 Bxd2+ 8. Nbxd2 d5 9. exd5 Nxd5 10. Nb3 0-0 11. 0-0 Bg4 12. Re1 Nce7 13. Be2 c6 14. Ne5 Bxe2 15. Qxe2 f6 16. Nc4 Ng6 17. Qe6+ Kh8 18. Nd6 Qe7 19. Qxe7 Ngxe7 20. Nc5 h6 21. Nd7 Rg8 22. Nxb7 Nf5 23. Rad1 Rac8 24. g4 Rc7 25. Nbc5 Nfe7 26. Re2 Re8 27. Rde1 Kg8 28. f4 Kf7 29. f5 Rg8 30. Kf2 Ke8 31. Nb8 a5 32. Re6 Kf7 33. Nba6 Ra7 34. a3 Rga8 35. Kg3 Rxa6 36. Nxa6 Rxa6 37. h4 Rb6 38. R1e2 Rb3+ 39. Kh2 Rd3 40. R6e4 Rf3 41. Kg2 Rd3 42. Rc2 Ne3+ 43. Rxe3 Rxe3 44. Rc5 Rb3 45. Rxa5 Rxb2+ 46. Kf3 Rb3+ 47. Kf4 Nd5+ 48. Rxd5 cxd5 49. g5 hxg5+ 50. hxg5 fxg5+ 51. Kxg5 Rxa3 52. Kf4 Kf6 53. Kg4 Ra4 54. Kh5 Kxf5 55. Kh4 Rxd4+ 56. Kg3 Rd3+ 57. Kh4 d4 58. Kh5 Rh3# 0-1

[Event "BCF-chT4S 1718 (4NCL)"]
[Site "England"]
[Date "2018.02.10"]
[Round "5.145"]
[White "Willmoth, Kate"]
[Black "Dhemrait, Surjit S"]
[Result "0-1"]
[WhiteElo "1277"]
[BlackElo "1496"]
[PlyCount "140"]
[EventDate "2017.11.11"]
[EventType "team-swiss"]
[EventRounds "11"]
[EventCountry "ENG"]
[SourceTitle "EXT 2020"]
[Source "ChessBase"]
[SourceDate "2019.10.17"]
[SourceVersion "1"]
[SourceVersionDate "2019.10.17"]
[SourceQuality "1"]
[WhiteTeam "Barnet Knights III"]
[BlackTeam "Cambridge University III"]
[WhiteTeamCountry "ENG"]
[BlackTeamCountry "ENG"]

1. d4 d5 2. Nf3 Bf5 3. Bf4 e6 4. e3 c5 5. c4 Qa5+ 6. Nc3 Nf6 7. Be2 Ne4 8. Qb3 cxd4 9. exd4 Bb4 10. Bd2 0-0 11. 0-0 Nxd2 12. Nxd2 Nc6 13. Nf3 Bg4 14. Rfd1 Rac8 15. cxd5 exd5 16. Nxd5 Rcd8 17. Nxb4 Qxb4 18. Qxb4 Nxb4 19. h3 Bxf3 20. Bxf3 Nc2 21. Rac1 Nxd4 22. Bxb7 Ne2+ 23. Kf1 Nxc1 24. Rxc1 Rb8 25. Bd5 Rxb2 26. Rc7 a5 27. Rc5 a4 28. Ra5 Rd8 29. g3 Rd2 30. Bc4 g6 31. Rxa4 R2d4 32. Bb5 Rxa4 33. Bxa4 Ra8 34. Bb3 Rb8 35. Ke1 Kf8 36. Kd2 f5 37. Ke3 Ke7 38. Kf4 Kf6 39. h4 Rb4+ 40. Kf3 h6 41. Kg2 Ke5 42. Kh3 f4 43. Bf7 g5 44. hxg5 hxg5 45. Kg4 fxg3+ 46. Kxg3 Rf4 47. Bb3 Rb4 48. f3 Rf4 49. Bd1 Kd4 50. a4 Kc5 51. Bc2 Kb4 52. Bd1 Rd4 53. Bc2 Rd2 54. Bg6 Kxa4 55. Be8+ Kb4 56. Kg4 Rg2+ 57. Kf5 Kc5 58. Bh5 Kd4 59. f4 gxf4 60. Kxf4 Rf2+ 61. Bf3 Rf1 62. Kg4 Ke5 63. Kg3 Ra1 64. Kg2 Kf4 65. Bh5 Ra2+ 66. Kf1 Ke3 67. Ke1 Ra1+ 68. Bd1 Rb1 69. Kf1 Rxd1+ 70. Kg2 Kf4 0-1

[Event "BCF-chT3 1415 (4NCL)"]
[Site "England"]
[Date "2015.05.03"]
[Round "10.23"]
[White "Dhemrait, Surjit S"]
[Black "Martin, Nick"]
[Result "0-1"]
[WhiteElo "1645"]
[BlackElo "1761"]
[PlyCount "82"]
[EventDate "2015.03.21"]
[EventType "team-swiss"]
[EventRounds "11"]
[EventCountry "ENG"]
[SourceTitle "EXT 2016"]
[Source "ChessBase"]
[SourceDate "2015.10.08"]
[SourceVersion "1"]
[SourceVersionDate "2015.10.08"]
[SourceQuality "1"]
[WhiteTeam "BCM Hippos III"]
[BlackTeam "Banbury Bulldogs"]
[WhiteTeamCountry "ENG"]
[BlackTeamCountry "ENG"]

1. e4 e6 2. d4 d5 3. exd5 exd5 4. Nf3 Bd6 5. Nc3 c6 6. Bd3 Ne7 7. 0-0 Bg4 8. Be2 Qc7 9. Ne5 Bxe2 10. Qxe2 f6 11. Nf3 Nd7 12. Re1 0-0-0 13. Nd1 Ng6 14. c4 dxc4 15. Qxc4 Nb6 16. Qe6+ Kb8 17. Ne3 Rde8 18. Qf5 Ne7 19. Qd3 g5 20. Nf5 Nxf5 21. Rxe8+ Rxe8 22. Qxf5 Nd5 23. Bd2 h5 24. h3 Rg8 25. Qe6 Qd8 26. Re1 g4 27. Nh4 gxh3 28. Qxh3 Rg4 29. Nf5 Bf4 30. Bxf4+ Nxf4 31. Qf3 Nxg2 32. Re4 Nh4+ 33. Qxg4 hxg4 34. Nxh4 Qd5 35. Rxg4 Qxa2 36. Rf4 Qxb2 37. Rxf6 Qxd4 38. Rf8+ Kc7 39. Rf7+ Kb6 40. Ng2 Qd1+ 41. Kh2 Qh5+ 0-1